[Event "XIX Festival A"]
[Site "Robecchetto con Induno ITA"]
[Date "2008.12.29"]
[Round "5"]
[White "Pattarello, Pierluigi"]
[Black "Mancin, Mariano"]
[Result "0-1"]
[WhiteElo "1983"]
[BlackElo "1894"]
[PlyCount "118"]
[EventDate "2008.12.27"]

1. d4 g6 2. c4 Bg7 3. Nc3 d6 4. e4 e5 5. d5 f5 6. Bd3 Nf6 7. f3 O-O 8. Be3 c6
9. Qd2 Na6 10. a3 Nc7 11. b4 cxd5 12. cxd5 Bd7 13. Nge2 Nh5 14. O-O f4 15. Bf2
Bh6 16. Kh1 Kg7 17. Rac1 Ng3+ 18. Nxg3 fxg3 19. Be3 Bxe3 20. Qxe3 Qh4 21. Qg1
Rac8 22. Ne2 Qxh2+ 23. Qxh2 gxh2 24. Kxh2 g5 25. Ng3 Kg6 26. Rf2 h5 27. Rfc2
Na8 28. Rxc8 Rxc8 29. Rxc8 Bxc8 30. Nf5 Bxf5 31. exf5+ Kf6 32. g4 h4 33. Bb5
Nc7 34. Bc4 Ke7 35. a4 Ne8 36. a5 b6 37. Bb5 Nf6 38. Bc6 e4 39. fxe4 Nxe4 40.
Bb5 Kf6 41. Bf1 Ke5 42. Kg1 Nf6 43. Be2 Kxd5 44. Bf3+ Kc4 45. Kf2 Kxb4 46. axb6
axb6 47. Ke3 Kc5 48. Kd3 b5 49. Kc3 d5 50. Kd3 b4 51. Kc2 h3 52. Kd3 h2 53. Kc2
d4 54. Kd3 b3 55. Kd2 Kd6 56. Kc1 Ke5 57. Kb2 Kf4 58. Bh1 Nxg4 59. Kxb3 Kxf5
0-1

[Event "XIX Festival A"]
[Site "Robecchetto con Induno ITA"]
[Date "2008.12.29"]
[Round "5"]
[White "Provera, Emanuele"]
[Black "Rettore, Ludwig"]
[Result "0-1"]
[WhiteElo "2138"]
[BlackElo "2171"]
[PlyCount "73"]
[EventDate "2008.12.27"]

1. d4 Nf6 2. c4 d6 3. Nc3 e5 4. e3 Nbd7 5. Nf3 g6 6. Be2 Bg7 7. O-O O-O 8. Qc2
c6 9. dxe5 dxe5 10. Rd1 Qc7 11. Nd2 a5 12. Nde4 Nxe4 13. Nxe4 f5 14. Nd6 Nc5
15. e4 f4 16. Nxc8 Raxc8 17. Bg4 Rcd8 18. Bd2 h5 19. Bh3 Rd4 20. Bc3 Rfd8 21.
Bxd4 exd4 22. Re1 Be5 23. Rab1 d3 24. Qd2 a4 25. b4 axb3 26. axb3 Qg7 27. Qa5
Qe7 28. b4 d2 29. Red1 b6 30. Qxb6 Nxe4 31. Qxc6 Nc3 32. Qxg6+ Bg7 33. Be6+ Kf8
34. Bd5 Nxd1 35. Qf5+ Bf6 36. g3 Nc3 37. Qg6 0-1

[Event "XIX Festival A"]
[Site "Robecchetto con Induno ITA"]
[Date "2008.12.29"]
[Round "5"]
[White "Quagliarella, Sabino Remo"]
[Black "Rota, Simone"]
[Result "0-1"]
[WhiteElo "1978"]
[BlackElo "1864"]
[PlyCount "148"]
[EventDate "2008.12.27"]

1. d4 d5 2. Nf3 Nf6 3. Nbd2 e6 4. g3 c5 5. c3 Nc6 6. Bg2 Bd6 7. O-O O-O 8. Re1
cxd4 9. cxd4 Qb6 10. e3 Bd7 11. Qb3 Qxb3 12. axb3 Nb4 13. Rd1 Rfc8 14. Ne1 a6
15. e4 dxe4 16. Nxe4 Nxe4 17. Bxe4 Bc6 18. Bxc6 Rxc6 19. Bd2 Nd5 20. Rac1 Rb6
21. b4 Bxb4 22. Bxb4 Nxb4 23. Nf3 Rd8 24. Ne5 Nd5 25. Rc2 f6 26. Nf3 Rb3 27.
Kg2 Kf7 28. Rdc1 Rd6 29. Nd2 Rd3 30. Nc4 Rc6 31. Na5 Rxc2 32. Rxc2 b6 33. Nc6
Rb3 34. Re2 Nc7 35. d5 Nxd5 36. Nd8+ Kg6 37. Nxe6 h5 38. Rd2 Ne7 39. Nf4+ Kh6
40. Rd7 Nf5 41. Nd3 a5 42. h4 g6 43. Kf3 Ne7 44. Ke2 Nc6 45. Kd2 Nb4 46. Nxb4
Rxb4 47. Kc3 g5 48. Rd6 gxh4 49. gxh4 Kg6 50. b3 Rxh4 51. Rxb6 Rf4 52. Rb5 Rf5
53. Rb8 Rxf2 54. Kd4 Kg5 55. Ke3 Rf1 56. Rg8+ Kh4 57. Kd3 Rf5 58. Rg1 Rf3+ 59.
Kc4 Rf5 60. Kd4 Kh3 61. Rc1 Kg4 62. Rg1+ Kf4 63. Rf1+ Kg5 64. Rg1+ Kh6 65. Ke4
Rg5 66. Rf1 Kg6 67. Kd4 h4 68. Ke4 h3 69. Rh1 Rg3 70. Rb1 h2 71. Rh1 Rg2 72.
Kd4 Kg5 73. Ke3 Kg4 74. Rf1 Rg1 0-1

[Event "XIX Festival A"]
[Site "Robecchetto con Induno ITA"]
[Date "2008.12.29"]
[Round "5"]
[White "Ranfagni, Stefano"]
[Black "Borin, Fabio"]
[Result "1/2-1/2"]
[WhiteElo "2047"]
[BlackElo "2130"]
[PlyCount "36"]
[EventDate "2008.12.27"]

1. e4 c5 2. Nf3 d6 3. g3 g6 4. Bg2 Bg7 5. O-O Nc6 6. c3 Nf6 7. Re1 Qc7 8. d4
O-O 9. Na3 Nd7 10. d5 Nce5 11. Be3 e6 12. Rc1 c4 13. Nc2 Nc5 14. Bxc5 Qxc5 15.
Nb4 Bd7 16. Qe2 Bh6 17. Rcd1 Ba4 18. Rb1 Bd7 1/2-1/2

[Event "XIX Festival A"]
[Site "Robecchetto con Induno ITA"]
[Date "2008.12.29"]
[Round "5"]
[White "Revinelli, Sergio"]
[Black "Saccani, Ettore"]
[Result "1-0"]
[WhiteElo "1868"]
[BlackElo "1840"]
[PlyCount "89"]
[EventDate "2008.12.27"]

1. e4 e6 2. d4 d5 3. Nd2 Nf6 4. e5 Nfd7 5. Bd3 c5 6. c3 Nc6 7. Ne2 cxd4 8. cxd4
Qb6 9. Nf3 Be7 10. O-O O-O 11. a3 f6 12. exf6 Nxf6 13. Re1 Bd7 14. Nf4 Nd8 15.
Ne5 Bb5 16. Bb1 Bd6 17. Be3 Qc7 18. Bd2 Bc6 19. h3 Ne4 20. Qh5 Bxe5 21. dxe5 g6
22. Qe2 Qf7 23. Be3 Rc8 24. Nd3 Bb5 25. a4 Bc4 26. f3 Nc5 27. Bxc5 Bxd3 28.
Bxd3 Rxc5 29. Qe3 Qc7 30. Rac1 Rxc1 31. Rxc1 Nc6 32. f4 Qf7 33. g3 Rc8 34. b4
Qf8 35. b5 Nb4 36. Be2 Qd8 37. Qd2 Rxc1+ 38. Qxc1 Qb6+ 39. Kg2 d4 40. Qc8+ Kg7
41. Qd7+ Kh6 42. g4 g5 43. Qf7 Nd5 44. fxg5+ Kxg5 45. Kg3 1-0

[Event "XIX Festival A"]
[Site "Robecchetto con Induno ITA"]
[Date "2008.12.29"]
[Round "5"]
[White "Virzi, Ettore"]
[Black "Testa, Loris"]
[Result "1-0"]
[WhiteElo "1950"]
[BlackElo "1668"]
[PlyCount "95"]
[EventDate "2008.12.27"]

1. e4 d6 2. d4 Nf6 3. Nc3 g6 4. Be3 Bg7 5. h3 Nbd7 6. Nf3 O-O 7. Be2 c5 8. d5
a6 9. a4 Rb8 10. Nd2 b6 11. O-O Bb7 12. f4 Qe8 13. Bf3 h6 14. Nc4 Nh7 15. e5
dxe5 16. fxe5 Nxe5 17. Nxe5 Bxe5 18. Bxh6 Bg7 19. Bf4 Rd8 20. Bc7 Rd7 21. Bxb6
Bd4+ 22. Kh1 Nf6 23. Qd3 Qa8 24. a5 Nxd5 25. Nxd5 Bxd5 26. c3 Be5 27. Bxc5 Qc6
28. Qe3 Bd6 29. Bxd6 Rxd6 30. Qxe7 Re6 31. Bxd5 Qxd5 32. Qh4 Re4 33. Qf2 Rfe8
34. Rad1 Qb3 35. Rd7 f5 36. Qb6 Qxb6 37. axb6 R4e6 38. Rb7 Rc6 39. Ra1 Ra8 40.
Ra7 Rb8 41. b7 Rb6 42. b4 R8xb7 43. Rxb7 Rxb7 44. Rxa6 Kf7 45. Rc6 f4 46. Kg1
Rd7 47. Kf2 g5 48. b5 1-0

[Event "XIX Festival A"]
[Site "Robecchetto con Induno ITA"]
[Date "2008.12.30"]
[Round "6"]
[White "Astengo, Corrado"]
[Black "Ranfagni, Stefano"]
[Result "1/2-1/2"]
[WhiteElo "2172"]
[BlackElo "2047"]
[PlyCount "58"]
[EventDate "2008.12.27"]

1. e4 e6 2. d3 c5 3. g3 g6 4. Bg2 Bg7 5. c3 Nc6 6. Be3 d6 7. Ne2 Nge7 8. a4 O-O
9. O-O Rb8 10. Na3 a6 11. d4 b6 12. Qd2 Na5 13. Rad1 c4 14. Bf4 Qc7 15. Nc2 Nb3
16. Qe3 Bd7 17. Nb4 Ra8 18. e5 d5 19. Nxd5 Nxd5 20. Bxd5 exd5 21. e6 Qb7 22.
exd7 Qxd7 23. Qf3 Qf5 24. Kg2 Rfe8 25. Rfe1 Re4 26. Be3 Qd7 27. Nf4 f5 28. h4
Rd8 29. Nh3 Bf6 1/2-1/2

[Event "XIX Festival A"]
[Site "Robecchetto con Induno ITA"]
[Date "2008.12.30"]
[Round "6"]
[White "Barberi, Alessandro"]
[Black "Cereda, Loris"]
[Result "1-0"]
[WhiteElo "2156"]
[BlackElo "2053"]
[PlyCount "61"]
[EventDate "2008.12.27"]

1. d4 Nf6 2. Nf3 e6 3. c4 d5 4. g3 c6 5. Nbd2 Nbd7 6. Bg2 Bd6 7. O-O O-O 8. Re1
e5 9. cxd5 cxd5 10. dxe5 Nxe5 11. Nxe5 Bxe5 12. Nf3 Bc7 13. Bg5 Ba5 14. Rf1 Bb6
15. Qd3 h6 16. Bf4 Bg4 17. h3 Bh5 18. Ne5 g5 19. Be3 Re8 20. f4 gxf4 21. gxf4
Bg6 22. Qb3 Bxe3+ 23. Qxe3 Ne4 24. Rad1 Re6 25. Kh2 Qd6 26. Nxg6 fxg6 27. Bxe4
Qc6 28. Rxd5 Rae8 29. Re5 Rxe5 30. fxe5 Qc7 31. Bd5+ 1-0

[Event "XIX Festival A"]
[Site "Robecchetto con Induno ITA"]
[Date "2008.12.30"]
[Round "6"]
[White "Barlocco, Carlo"]
[Black "Bianchi, Alberto"]
[Result "0-1"]
[WhiteElo "2144"]
[BlackElo "2002"]
[PlyCount "88"]
[EventDate "2008.12.27"]

1. d4 d5 2. Nf3 Nf6 3. Bf4 e6 4. e3 Be7 5. h3 O-O 6. Bd3 Nbd7 7. O-O c5 8. c3
a6 9. a4 b6 10. Nbd2 Bb7 11. Bh2 Re8 12. Ne5 Nxe5 13. dxe5 Nd7 14. Qh5 g6 15.
Qg4 h5 16. Qe2 Bf8 17. g4 hxg4 18. Qxg4 Bg7 19. f4 d4 20. Nc4 Qc7 21. Nd6 Nf8
22. exd4 Red8 23. Rfe1 Ra7 24. Bg3 Ba8 25. dxc5 bxc5 26. Bf2 Rxd6 27. exd6 Qxd6
28. Rad1 Qc7 29. Re2 f5 30. Qg3 Qc6 31. Kh2 Rd7 32. Ree1 Bh6 33. Rg1 Rb7 34.
Bf1 Qxa4 35. b3 Rxb3 36. Qd3 Rb2 37. Be2 Be4 38. Qe3 e5 39. Bg3 exf4 40. Bxf4
Bxf4+ 41. Qxf4 Rxe2+ 42. Kg3 Qc2 43. Qf1 Qxc3+ 44. Kf4 Qe3+ 0-1

[Event "XIX Festival A"]
[Site "Robecchetto con Induno ITA"]
[Date "2008.12.30"]
[Round "6"]
[White "Bemporad, Filippo"]
[Black "Marinone, Lucio"]
[Result "1/2-1/2"]
[WhiteElo "2055"]
[BlackElo "2008"]
[PlyCount "84"]
[EventDate "2008.12.27"]

1. d4 Nf6 2. Nf3 g6 3. c4 Bg7 4. Nc3 d5 5. cxd5 Nxd5 6. Qb3 c6 7. e4 Nxc3 8.
bxc3 O-O 9. Be2 Qc7 10. O-O Nd7 11. Bg5 e5 12. Rad1 exd4 13. cxd4 Nf6 14. Qe3
Re8 15. Bd3 Be6 16. Bb1 Rac8 17. Rfe1 b5 18. Rc1 Qb8 19. h3 a5 20. Bh6 Nd7 21.
Bxg7 Kxg7 22. d5 cxd5 23. Qd4+ Nf6 24. exd5 Bxd5 25. Nd2 Rxc1 26. Rxc1 Qe5 27.
Qxe5 Rxe5 28. Kf1 Be6 29. Bd3 Bxa2 30. Ra1 Be6 31. Rxa5 Rd5 32. Ke2 b4 33. Ra4
b3 34. Rb4 Re5+ 35. Kf1 Nd5 36. Rb5 f6 37. Nxb3 Nc3 38. Rb6 Na4 39. Rb4 Nb2 40.
Be2 Na4 41. Nd4 Nc3 42. Bd3 Bd5 1/2-1/2

[Event "XIX Festival A"]
[Site "Robecchetto con Induno ITA"]
[Date "2008.12.30"]
[Round "6"]
[White "Bernasconi, Roberto"]
[Black "Pattarello, Pierluigi"]
[Result "1/2-1/2"]
[WhiteElo "1929"]
[BlackElo "1983"]
[PlyCount "51"]
[EventDate "2008.12.27"]

1. e4 e6 2. d4 d5 3. Nd2 c5 4. exd5 Qxd5 5. Ngf3 cxd4 6. Bc4 Qd8 7. O-O Nf6 8.
Nb3 Nc6 9. Nbxd4 Qc7 10. Qe2 Be7 11. Bg5 O-O 12. c3 Bd7 13. Rad1 a6 14. Bb3
Rad8 15. Rfe1 Rfe8 16. h3 Nd5 17. Qe4 Bxg5 18. Nxg5 Nf6 19. Qe2 h6 20. Ngf3
Nxd4 21. Rxd4 Bc6 22. Red1 Rxd4 23. Rxd4 Rd8 24. Qe5 Qc8 25. Rxd8+ Qxd8 26. Qd4
1/2-1/2

[Event "XIX Festival A"]
[Site "Robecchetto con Induno ITA"]
[Date "2008.12.30"]
[Round "6"]
[White "Borin, Fabio"]
[Black "Rettore, Ludwig"]
[Result "1/2-1/2"]
[WhiteElo "2130"]
[BlackElo "2171"]
[PlyCount "25"]
[EventDate "2008.12.27"]

1. d4 Nf6 2. c4 d6 3. Nf3 Nbd7 4. Nc3 e5 5. g3 Be7 6. Bg2 O-O 7. O-O c6 8. Rb1
a5 9. b3 Ne8 10. e4 Nc7 11. a3 Bf6 12. Be3 exd4 13. Bxd4 1/2-1/2

[Event "XIX Festival A"]
[Site "Robecchetto con Induno ITA"]
[Date "2008.12.30"]
[Round "6"]
[White "Brugo, Marco"]
[Black "Cavallini, Gianfranco"]
[Result "1/2-1/2"]
[WhiteElo "2152"]
[BlackElo "2103"]
[PlyCount "43"]
[EventDate "2008.12.27"]

1. d4 b5 2. e4 Bb7 3. Bd3 e6 4. Nf3 a6 5. a4 c5 6. dxc5 b4 7. Be3 Qc7 8. Nbd2
Bxc5 9. Bxc5 Qxc5 10. Nb3 Qc7 11. a5 Nf6 12. Qe2 d6 13. Nfd4 Nbd7 14. f3 g6 15.
Qd2 d5 16. Qxb4 dxe4 17. fxe4 Rb8 18. Qa4 Qf4 19. Ne2 Qe3 20. Qd4 Qxd4 21.
Nexd4 Nxe4 22. O-O 1/2-1/2

[Event "XIX Festival A"]
[Site "Robecchetto con Induno ITA"]
[Date "2008.12.30"]
[Round "6"]
[White "Corti, Corrado"]
[Black "Provera, Emanuele"]
[Result "1/2-1/2"]
[WhiteElo "2038"]
[BlackElo "2138"]
[PlyCount "35"]
[EventDate "2008.12.27"]

1. d4 Nf6 2. Nf3 e6 3. e3 b6 4. Bd3 Bb7 5. O-O d5 6. Nbd2 Nbd7 7. Re1 Be7 8. e4
dxe4 9. Nxe4 O-O 10. c3 Nxe4 11. Bxe4 Bxe4 12. Rxe4 c5 13. Bf4 Nf6 14. Re2 Qd5
15. Qc2 Rfd8 16. c4 Qb7 17. dxc5 Bxc5 18. Bg5 1/2-1/2

[Event "XIX Festival A"]
[Site "Robecchetto con Induno ITA"]
[Date "2008.12.30"]
[Round "6"]
[White "Favoni, Matteo"]
[Black "Autino, Massimiliano"]
[Result "1-0"]
[WhiteElo "1986"]
[BlackElo "1826"]
[PlyCount "47"]
[EventDate "2008.12.27"]

1. d4 d6 2. e4 g6 3. c4 Bg7 4. Nc3 Nd7 5. f3 e5 6. d5 Ne7 7. Be3 O-O 8. Qd2 f5
9. O-O-O Nf6 10. h3 fxe4 11. fxe4 Nh5 12. Nge2 Kh8 13. g4 Nf6 14. Ng3 Neg8 15.
g5 Nd7 16. Be2 b6 17. h4 Nc5 18. h5 gxh5 19. Rxh5 h6 20. Rdh1 Bd7 21. g6 Nf6
22. Bxh6 Qe8 23. Bxg7+ Kxg7 24. Qh6+ 1-0

[Event "XIX Festival A"]
[Site "Robecchetto con Induno ITA"]
[Date "2008.12.30"]
[Round "6"]
[White "Mazzariol, Oscar"]
[Black "La Torre, Giovanni"]
[Result "1/2-1/2"]
[WhiteElo "2070"]
[BlackElo "2059"]
[PlyCount "82"]
[EventDate "2008.12.27"]

1. d4 d5 2. c4 c6 3. Nc3 a6 4. Nf3 Nf6 5. g3 dxc4 6. a4 Bg4 7. Bg2 Nbd7 8. O-O
e6 9. a5 Bb4 10. Qa4 Qe7 11. Bg5 h6 12. Bxf6 Nxf6 13. Ne5 O-O 14. e3 Bf5 15.
Rfd1 Bd3 16. Nxd3 cxd3 17. Rxd3 Rfd8 18. Na2 Bd6 19. Rb3 e5 20. Nb4 exd4 21.
exd4 Bxb4 22. Qxb4 Qxb4 23. Rxb4 Rd7 24. Re1 Re8 25. Re5 Rde7 26. f4 Ng4 27.
Rxe7 Rxe7 28. Bh3 h5 29. Bxg4 hxg4 30. Kf2 f5 31. Rb3 Kf7 32. Rd3 Ke6 33. Re3+
Kf6 34. Rxe7 Kxe7 35. Ke3 Kd6 36. Kd3 Kd5 37. b3 c5 38. dxc5 Kxc5 39. Kc3 Kd5
40. Kd3 Kc5 41. Kc3 Kd5 1/2-1/2

[Event "XIX Festival A"]
[Site "Robecchetto con Induno ITA"]
[Date "2008.12.30"]
[Round "6"]
[White "Morandi, Daniele"]
[Black "Martinez, Rolly"]
[Result "0-1"]
[WhiteElo "1950"]
[BlackElo "2424"]
[PlyCount "94"]
[EventDate "2008.12.27"]

1. e4 c5 2. Nf3 d6 3. d4 cxd4 4. Nxd4 Nf6 5. Nc3 e6 6. Be2 Be7 7. O-O O-O 8.
Be3 a6 9. f4 Qc7 10. Qe1 Nc6 11. Qg3 Nxd4 12. Bxd4 b5 13. a3 Bb7 14. Bf3 Rac8
15. Kh1 g6 16. Rad1 Nd7 17. f5 e5 18. Be3 Kh8 19. fxg6 fxg6 20. Bg4 Rxf1+ 21.
Rxf1 Rf8 22. Rxf8+ Nxf8 23. Qf3 Kg7 24. Qh3 h5 25. Be2 Bd8 26. g4 Qc8 27. Qg2
Ba5 28. gxh5 Bxc3 29. Bg4 Qc4 30. Bf5 Qf7 31. bxc3 Qxf5 32. exf5 Bxg2+ 33. Kxg2
gxf5 34. Bg5 Kf7 35. Kf3 Nh7 36. h4 Nf6 37. h6 Nd5 38. Bd2 Kg6 39. h5+ Kh7 40.
Bg5 Nxc3 41. Be7 Ne4 42. Bf8 a5 43. c3 Nd2+ 44. Ke2 Nc4 45. Kf3 a4 46. Ke2 Nxa3
47. Bxd6 Nc4 0-1

[Event "XIX Festival A"]
[Site "Robecchetto con Induno ITA"]
[Date "2008.12.30"]
[Round "6"]
[White "Parenti, Davide"]
[Black "Raselli, Claudio"]
[Result "1/2-1/2"]
[WhiteElo "2052"]
[BlackElo "1986"]
[PlyCount "85"]
[EventDate "2008.12.27"]

1. d4 e6 2. Nf3 f5 3. g3 Nf6 4. Bg2 Be7 5. O-O O-O 6. c4 d5 7. Nc3 c6 8. Bg5
Nbd7 9. e3 Ne4 10. Bxe7 Qxe7 11. Qc2 Ndf6 12. Ne5 Bd7 13. Ne2 g5 14. c5 g4 15.
Nf4 Ng5 16. b4 Nf7 17. Nfd3 Nxe5 18. Nxe5 Ne4 19. a4 Ng5 20. Rfb1 Nf7 21. Qc3
Nxe5 22. dxe5 Rfc8 23. Qd4 a6 24. Bf1 Qe8 25. Be2 Kh8 26. Kf1 Qh5 27. h4 Qe8
28. Kg2 Kg8 29. h5 h6 30. Qf4 Kh7 31. Bd3 Qg8 32. Rh1 Qg5 33. Qd4 Kg7 34. Rh4
Kg8 35. Be2 Kh7 36. Rf1 Qe7 37. Bd3 Kg8 38. f3 gxf3+ 39. Rxf3 Qg5 40. Kh3 Kf7
41. e4 Ke7 42. exf5 exf5 43. Qf4 1/2-1/2

[Event "XIX Festival A"]
[Site "Robecchetto con Induno ITA"]
[Date "2008.12.30"]
[Round "6"]
[White "Rota, Simone"]
[Black "Virzi, Ettore"]
[Result "1/2-1/2"]
[WhiteElo "1864"]
[BlackElo "1950"]
[PlyCount "40"]
[EventDate "2008.12.27"]

1. d4 Nf6 2. c4 g6 3. Nf3 Bg7 4. g3 O-O 5. Bg2 d6 6. O-O Nc6 7. Nc3 a6 8. e4
Bg4 9. h3 Bxf3 10. Bxf3 e5 11. d5 Nd4 12. Bg2 Nd7 13. Be3 c5 14. dxc6 bxc6 15.
b4 Rb8 16. Rb1 Qc7 17. Qd3 Rb7 18. Rb2 Nc5 19. Qd2 Rfb8 20. Rfb1 Nce6 1/2-1/2

[Event "XIX Festival A"]
[Site "Robecchetto con Induno ITA"]
[Date "2008.12.30"]
[Round "6"]
[White "Saccani, Ettore"]
[Black "Carbone, Lorenzo"]
[Result "0-1"]
[WhiteElo "1840"]
[BlackElo "1817"]
[PlyCount "84"]
[EventDate "2008.12.27"]

1. e4 c5 2. Nf3 d6 3. c3 Nf6 4. d3 e5 5. Be2 Be7 6. O-O O-O 7. Bg5 Nc6 8. Na3
Be6 9. Nc2 b5 10. Bxf6 Bxf6 11. d4 cxd4 12. cxd4 exd4 13. Nfxd4 Nxd4 14. Nxd4
a6 15. b3 Rc8 16. Rb1 Qb6 17. Nf3 Rc3 18. Qd2 Rfc8 19. Rfc1 Qc5 20. Rxc3 Qxc3
21. Qxd6 Qc2 22. Qd3 Qxa2 23. e5 Rd8 24. Qe4 Bd5 25. Qf5 Be6 26. Qe4 Bd5 27.
Qf5 g6 28. Qxf6 Qxb1+ 29. Bf1 Ra8 30. Nd2 Qc1 31. Qf4 Re8 32. h4 h5 33. Kh2 Qc3
34. Ne4 Bxe4 35. Qxe4 Qxe5+ 36. Qxe5 Rxe5 37. g3 a5 38. Bd3 a4 39. bxa4 bxa4
40. Kg2 a3 41. Bc4 Rc5 42. Ba2 Rc2 0-1

[Event "XIX Festival A"]
[Site "Robecchetto con Induno ITA"]
[Date "2008.12.30"]
[Round "6"]
[White "Tagliaferri, Valerio"]
[Black "Guzzetti, Luigi Enrico"]
[Result "0-1"]
[WhiteElo "1914"]
[BlackElo "1862"]
[PlyCount "74"]
[EventDate "2008.12.27"]

1. e4 c5 2. Nf3 e6 3. b3 d6 4. Bb5+ Bd7 5. Bxd7+ Nxd7 6. Bb2 Ngf6 7. Qe2 a6 8.
c4 Be7 9. d4 cxd4 10. Nxd4 O-O 11. O-O Qb6 12. Kh1 Rac8 13. Rd1 Ne5 14. Nc3
Rfd8 15. Rd2 Ng6 16. Rad1 Nf4 17. Qf3 Ng6 18. h3 Qa5 19. Qe3 Qh5 20. f4 Qh4 21.
f5 Nf8 22. Ba3 Ng4 23. Qf4 Ne5 24. Qxh4 Bxh4 25. fxe6 fxe6 26. Nf3 Nxf3 27.
gxf3 b5 28. Ne2 bxc4 29. Bxd6 c3 30. Rc2 Bf6 31. f4 Ng6 32. e5 Nxe5 33. fxe5
Bxe5 34. Bxe5 Rxd1+ 35. Kg2 Rd2 36. Rxc3 Rxe2+ 37. Kf3 Rxc3+ 0-1

[Event "XIX Festival A"]
[Site "Robecchetto con Induno ITA"]
[Date "2008.12.30"]
[Round "6"]
[White "Testa, Loris"]
[Black "Revinelli, Sergio"]
[Result "0-1"]
[WhiteElo "1668"]
[BlackElo "1868"]
[PlyCount "74"]
[EventDate "2008.12.27"]

1. e4 e5 2. Nf3 Nc6 3. Bb5 f5 4. d4 fxe4 5. Nxe5 Nxe5 6. dxe5 c6 7. Bc4 Qa5+ 8.
Nc3 Qxe5 9. O-O d5 10. Bb3 Nf6 11. f4 Qh5 12. Qd4 b6 13. Na4 Be7 14. c4 c5 15.
Qf2 d4 16. Bd1 Bg4 17. Bc2 Be6 18. Re1 e3 19. Bxe3 Ng4 20. Qg3 Nxe3 21. Rxe3
dxe3 22. Qxe3 Qf7 23. Qe4 Rd8 24. Re1 Bd7 25. f5 Bxa4 26. Bxa4+ Kf8 27. Bc6 Qf6
28. Kh1 g6 29. Bd5 g5 30. Qc2 h5 31. Re6 Qd4 32. Qe2 Bf6 33. h3 Rh7 34. b3 g4
35. Re4 Qa1+ 36. Kh2 Rg7 37. Qe3 g3+ 0-1

[Event "XIX Festival A"]
[Site "Robecchetto con Induno ITA"]
[Date "2008.12.30"]
[Round "6"]
[White "Turini, Gianluca"]
[Black "Quagliarella, Sabino Remo"]
[Result "0-1"]
[WhiteElo "1572"]
[BlackElo "1978"]
[PlyCount "54"]
[EventDate "2008.12.27"]

1. e4 g6 2. d4 Bg7 3. c4 c6 4. Nc3 d5 5. e5 Nh6 6. h3 dxc4 7. Bxc4 Nf5 8. Nge2
e6 9. Bb3 f6 10. f4 fxe5 11. dxe5 Qh4+ 12. Kd2 O-O 13. Kc2 Na6 14. a3 Nc5 15.
Qe1 Nxb3 16. Kxb3 Qd8 17. Ka2 a5 18. g4 Nh4 19. g5 Nf5 20. Ng3 Qd3 21. Nxf5
exf5 22. Rb1 Be6+ 23. Ka1 Rfd8 24. Be3 Qc4 25. Bb6 Rd3 26. Qe2 Rxc3 27. bxc3
Qxe2 0-1

[Event "LI Torneo B di Capodanno"]
[Site "Reggio nell'Emilia ITA"]
[Date "2008.12.27"]
[Round "1"]
[White "Barillaro, Luca"]
[Black "Cocchi, Andrea"]
[Result "0-1"]
[WhiteElo "2202"]
[BlackElo "2305"]
[PlyCount "68"]
[EventDate "2008.12.27"]

1. d4 d5 2. Nf3 Nf6 3. Bg5 e6 4. e3 Nbd7 5. Nbd2 Be7 6. Bd3 c5 7. c3 Qc7 8. O-O
O-O 9. e4 dxe4 10. Nxe4 c4 11. Bb1 b6 12. Qe2 Bb7 13. Re1 Rfe8 14. Ned2 Bd5 15.
Ne5 Nxe5 16. dxe5 Nd7 17. Bf4 b5 18. a4 bxa4 19. Rxa4 Qc6 20. Bc2 Nc5 21. Ra2
Nd3 22. Be3 Nxe1 23. Qxe1 Red8 24. f3 Bc5 25. Bxc5 Qxc5+ 26. Kh1 Rd7 27. Ne4
Qe7 28. h3 Rb8 29. Qg3 Bxe4 30. Bxe4 Rd1+ 31. Kh2 Qc5 32. Qh4 Qxe5+ 33. g3 Rd2+
34. Kh1 f5 0-1

[Event "LI Torneo B di Capodanno"]
[Site "Reggio nell'Emilia ITA"]
[Date "2008.12.27"]
[Round "1"]
[White "Corvi, Marco"]
[Black "Galyas, Miklos"]
[Result "0-1"]
[WhiteElo "2343"]
[BlackElo "2454"]
[PlyCount "102"]
[EventDate "2008.12.27"]

1. e4 e6 2. d4 d5 3. e5 c5 4. c3 Nc6 5. Nf3 Bd7 6. Be2 Nge7 7. O-O Ng6 8. g3 f6
9. h4 fxe5 10. h5 e4 11. Nh2 Nge7 12. dxc5 Nf5 13. b4 a5 14. b5 Ne5 15. Bf4 Qf6
16. c4 Nd3 17. Bxd3 Qxa1 18. cxd5 exd3 19. c6 Bc8 20. d6 Bxd6 21. Bxd6 Nxd6 22.
Qxd3 Qe5 23. h6 Nf5 24. Ng4 Qd4 25. Qf3 gxh6 26. Rd1 Qg7 27. Nd2 O-O 28. Ne4
bxc6 29. Ngf6+ Kh8 30. Nh5 Qe5 31. g4 Ra7 32. gxf5 exf5 33. b6 Rd7 34. Nef6
Rxf6 35. Nxf6 Rxd1+ 36. Qxd1 Qxf6 37. Qe1 Kg7 38. Qxa5 f4 39. Qa7+ Qf7 40. Qb8
Ba6 41. Qe5+ Kg6 42. Qe4+ Kg5 43. Qxc6 Qg6 44. Qc5+ Kg4 45. Kg2 Bb7+ 46. f3+
Kh4+ 47. Kf1 Qd3+ 48. Ke1 Qe3+ 49. Qxe3 fxe3 50. Ke2 Kg3 51. Kxe3 Bxf3 0-1

[Event "LI Torneo B di Capodanno"]
[Site "Reggio nell'Emilia ITA"]
[Date "2008.12.27"]
[Round "1"]
[White "Gunnarsson, Jon Viktor"]
[Black "Thorfinnsson, Bjorn"]
[Result "1/2-1/2"]
[WhiteElo "2430"]
[BlackElo "2399"]
[PlyCount "39"]
[EventDate "2008.12.27"]

1. e4 e5 2. Nf3 Nc6 3. Bc4 Bc5 4. c3 Nf6 5. d3 a6 6. Bb3 Ba7 7. Nbd2 h6 8. h3
O-O 9. Nf1 d5 10. Qe2 Be6 11. Ng3 dxe4 12. dxe4 Qd6 13. O-O Rad8 14. Be3 Bxe3
15. Qxe3 Bxb3 16. axb3 Qe6 17. b4 Rd7 18. Rad1 Rfd8 19. Rxd7 Rxd7 20. Qe2
1/2-1/2

[Event "LI Torneo B di Capodanno"]
[Site "Reggio nell'Emilia ITA"]
[Date "2008.12.27"]
[Round "1"]
[White "Lucaroni, Massimiliano"]
[Black "Pomaro, Alberto"]
[Result "0-1"]
[WhiteElo "2320"]
[BlackElo "2254"]
[PlyCount "60"]
[EventDate "2008.12.27"]

1. e4 c5 2. Nf3 d6 3. d4 cxd4 4. Qxd4 a6 5. c4 Nc6 6. Qd2 Nf6 7. Nc3 g6 8. b3
Bg7 9. Bb2 O-O 10. h3 Qa5 11. Bd3 b5 12. cxb5 Nb4 13. O-O Nxd3 14. Qxd3 Bb7 15.
e5 dxe5 16. Nxe5 Rad8 17. Qe2 axb5 18. Nxb5 Ne4 19. Rfd1 Rxd1+ 20. Rxd1 Qxa2
21. Nd4 Qa8 22. Nc4 Rd8 23. Nb5 Rxd1+ 24. Qxd1 Bxb2 25. Nxb2 Qa5 26. Nd4 Qb6
27. Nc4 Qc5 28. Kf1 e5 29. f3 Nc3 30. Ne6 Qxc4+ 0-1

[Event "LI Torneo B di Capodanno"]
[Site "Reggio nell'Emilia ITA"]
[Date "2008.12.27"]
[Round "1"]
[White "Rombaldoni, Axel"]
[Black "Kovacevic, Blazimir"]
[Result "1-0"]
[WhiteElo "2334"]
[BlackElo "2472"]
[PlyCount "67"]
[EventDate "2008.12.27"]

1. e4 e6 2. d4 d5 3. Nc3 Bb4 4. a3 Bxc3+ 5. bxc3 dxe4 6. Qg4 Nf6 7. Qxg7 Rg8 8.
Qh6 Rg6 9. Qd2 b6 10. Nh3 Bb7 11. Nf4 Rg8 12. a4 Nc6 13. Bb5 a6 14. Bxc6+ Bxc6
15. c4 b5 16. axb5 axb5 17. Rxa8 Bxa8 18. cxb5 Nd5 19. Nxd5 Qxd5 20. Qb4 e3 21.
Bxe3 Rxg2 22. Kd2 Rxf2+ 23. Bxf2 Qg5+ 24. Kc3 Bxh1 25. Bg3 Qd8 26. Qc5 Kd7 27.
Kb4 Be4 28. c4 Qb8 29. Be5 f5 30. Bf6 Qe8 31. d5 Qf7 32. Qc6+ Kc8 33. Qa8+ Kd7
34. Qd8# 1-0

[Event "LI Torneo B di Capodanno"]
[Site "Reggio nell'Emilia ITA"]
[Date "2008.12.28"]
[Round "2"]
[White "Cocchi, Andrea"]
[Black "Corvi, Marco"]
[Result "1/2-1/2"]
[WhiteElo "2305"]
[BlackElo "2343"]
[PlyCount "93"]
[EventDate "2008.12.27"]

1. Nf3 f5 2. b3 d6 3. d4 Nf6 4. Bb2 e6 5. e3 Be7 6. Be2 O-O 7. c4 Ne4 8. Nc3
Bf6 9. O-O Nxc3 10. Bxc3 Nc6 11. b4 Qe7 12. Qb3 Nd8 13. c5 Nf7 14. cxd6 cxd6
15. Rac1 b6 16. b5 Bb7 17. Bb4 Rfc8 18. a4 Qd7 19. Qa3 g6 20. Rfd1 Rxc1 21.
Rxc1 a5 22. bxa6 Bxa6 23. Bxa6 Rxa6 24. Ra1 d5 25. g3 Ra8 26. Qb3 Qc6 27. Kg2
g5 28. h3 h5 29. Qc3 Qxc3 30. Bxc3 Nd6 31. a5 bxa5 32. Rxa5 Rxa5 33. Bxa5 g4
34. Ne1 Nc4 35. Bc3 Be7 36. Nd3 Bd6 37. Bb4 Bc7 38. Be7 Kf7 39. Bg5 gxh3+ 40.
Kxh3 Kg6 41. Bf4 Bd8 42. Nc5 Kf7 43. Nd3 Kg6 44. Be5 Bg5 45. Bc7 Kf7 46. Nc5
Be7 47. Nd3 1/2-1/2